| 000 -LEADER |
| fixed length control field |
00943nam a2200253Ia 4500 |
| 001 - CONTROL NUMBER |
| control field |
3278 |
| 003 - CONTROL NUMBER IDENTIFIER |
| control field |
GE_BSU |
| 005 - DATE AND TIME OF LATEST TRANSACTION |
| control field |
20221102144739.0 |
| 008 - FIXED-LENGTH DATA ELEMENTS--GENERAL INFORMATION |
| fixed length control field |
181216s1995ru xx |||||||||||||| ||rus|| |
| 020 ## - INTERNATIONAL STANDARD BOOK NUMBER |
| International Standard Book Number |
577490035 |
| 040 ## - CATALOGING SOURCE |
| Transcribing agency |
GE_BSU |
| 041 ## - LANGUAGE CODE |
| Language code of text/sound track or separate title |
rus |
| Language code of original |
eng |
| 080 ## - UNIVERSAL DECIMAL CLASSIFICATION NUMBER |
| Universal Decimal Classification number |
330.1(075.8) Ф-68 |
| 100 ## - MAIN ENTRY--PERSONAL NAME |
| Personal name |
Фишер, Стенали. |
| 9 (RLIN) |
15736 |
| 245 ## - TITLE STATEMENT |
| Title |
Экономика=Economics / |
| Statement of responsibility, etc. |
Стенали Фишер, Рудигер Дорнбуш, Ричард Шмалензи,Пер. с Анг. Общая ред. и предисловие: Г.Г. Сапова. |
| 264 ## - PRODUCTION, PUBLICATION, DISTRIBUTION, MANUFACTURE, AND COPYRIGHT NOTICE |
| Place of production, publication, distribution, manufacture |
Москва : |
| Name of producer, publisher, distributor, manufacturer |
Дело, |
| Date of production, publication, distribution, manufacture, or copyright notice |
1995. |
| 300 ## - PHYSICAL DESCRIPTION |
| Extent |
864 ст. |
| Other physical details |
26 см. |
| 653 ## - INDEX TERM--UNCONTROLLED |
| keyword |
Экономика=Economics |
| 653 ## - INDEX TERM--UNCONTROLLED |
| keyword |
ეკონომიკა |
| 700 ## - ADDED ENTRY--PERSONAL NAME |
| Personal name |
Дорнбуш, Рудигер |
| 9 (RLIN) |
15737 |
| 700 ## - ADDED ENTRY--PERSONAL NAME |
| Personal name |
Шмалензи, Ричард |
| 9 (RLIN) |
15738 |
| 700 ## - ADDED ENTRY--PERSONAL NAME |
| Personal name |
Сапова, Г.Г. |
| Relator term |
რედაქტორი |
| 9 (RLIN) |
15739 |
| 942 ## - ADDED ENTRY ELEMENTS (KOHA) |
| Koha item type |
წიგნი |
| Source of classification or shelving scheme |
|